[Event "GER-ch54 V02 email"]
[Site "GER email"]
[Date "2022.05.01"]
[Round "?"]
[White "Frotscher, Thomas"]
[Black "Michalek, Christoph"]
[Result "1/2-1/2"]
[WhiteElo "2194"]
[BlackElo "1989"]
[PlyCount "40"]
[EventDate "2022.05.01"]
[EventType "tourn (corr)"]
[EventRounds "10"]
[EventCountry "GER"]
[SourceTitle "Corr 2024"]
[Source "ChessBase"]
[SourceDate "2023.10.19"]
[SourceVersion "1"]
[SourceVersionDate "2023.10.19"]
[SourceQuality "1"]

1. e4 c5 2. Nf3 d6 3. d4 cxd4 4. Nxd4 Nf6 5. Nc3 a6 6. Bg5 e6 7. f4 Qb6 8. Qd2 Qxb2 9. Rb1 Qa3 10. e5 h6 11. Bh4 dxe5 12. fxe5 g5 13. Bg3 Nh5 14. Ne4 Qxa2 15. Rb3 Qa1+ 16. Kf2 Nd7 17. Rc3 Qb2 18. Rb3 Qa1 19. Rc3 Qb2 20. Rb3 Qa1 1/2-1/2

[Event "Ruhrgebiet Verbandsklasse Gruppe 1 1718"]
[Site "Germany"]
[Date "2017.12.03"]
[Round "4.1"]
[White "Michalek, Christoph"]
[Black "Arnold, Ulrich"]
[Result "1-0"]
[WhiteElo "2056"]
[BlackElo "1854"]
[PlyCount "69"]
[EventDate "2017.09.17"]
[EventType "team-tourn"]
[EventRounds "9"]
[EventCountry "GER"]
[SourceTitle "EXT 2022"]
[Source "ChessBase"]
[SourceDate "2021.10.06"]
[SourceVersion "1"]
[SourceVersionDate "2021.10.06"]
[SourceQuality "1"]
[WhiteTeam "Eving SV Rochade"]
[BlackTeam "Drewer SG"]
[WhiteTeamCountry "GER"]
[BlackTeamCountry "GER"]

1. Nf3 Nf6 2. g3 b6 3. Bg2 Bb7 4. 0-0 e6 5. d3 Be7 6. e4 d6 7. Ne1 Nbd7 8. e5 Bxg2 9. exf6 Bxf1 10. fxe7 Qxe7 11. Kxf1 0-0 12. Nc3 d5 13. Qe2 Rfe8 14. Nf3 c5 15. Bd2 Qd6 16. d4 Qc6 17. Ne5 Nxe5 18. dxe5 a6 19. Qg4 Kh8 20. h4 Qc7 21. Bf4 Qd7 22. Rd1 Qb7 23. h5 Qe7 24. h6 gxh6 25. Bxh6 Rg8 26. Qh5 Rg6 27. Ne2 Rag8 28. Bf4 Kg7 29. Kg2 Rh8 30. Rh1 Kf8 31. Bh6+ Ke8 32. Nf4 Rgg8 33. Qe2 Qb7 34. Nh5 Rg6 35. Bg7 1-0

[Event "Ruhrgebiet Verbandsklasse Gruppe 3 1516"]
[Site "Germany"]
[Date "2016.02.21"]
[Round "7.4"]
[White "Michalek, Christoph"]
[Black "Landscheidt, Heinz"]
[Result "1/2-1/2"]
[WhiteElo "2043"]
[BlackElo "1906"]
[PlyCount "90"]
[EventDate "2015.09.06"]
[EventType "team-tourn"]
[EventRounds "9"]
[EventCountry "GER"]
[SourceTitle "EXT 2022"]
[Source "ChessBase"]
[SourceDate "2021.10.06"]
[SourceVersion "1"]
[SourceVersionDate "2021.10.06"]
[SourceQuality "1"]
[WhiteTeam "Eving SV Rochade"]
[BlackTeam "Bergeborbeck Wacker"]
[WhiteTeamCountry "GER"]
[BlackTeamCountry "GER"]

1. Nf3 Nf6 2. g3 Nc6 3. d4 d5 4. c4 dxc4 5. Nc3 e6 6. e3 Bb4 7. Bxc4 0-0 8. 0-0 b6 9. Qe2 Bb7 10. Ba6 Bxa6 11. Qxa6 Bxc3 12. bxc3 Ne4 13. Qd3 f5 14. Ne1 Na5 15. Ba3 Re8 16. f3 Nd6 17. e4 Ndc4 18. Bb4 Qd7 19. Bxa5 Nxa5 20. Nc2 c5 21. Ne3 Nc6 22. Rad1 Rad8 23. Nc2 g6 24. Qe2 cxd4 25. cxd4 Qd6 26. Kh1 Re7 27. Rd2 Red7 28. Rfd1 fxe4 29. fxe4 Qe7 30. Kg2 Kg7 31. Qb5 Rc8 32. Rf2 Nd8 33. Qe5+ Kg8 34. Rdf1 Nc6 35. Qf4 Nxd4 36. Ne3 h5 37. Qh6 Qg7 38. Qg5 Kh7 39. g4 Rc5 40. Qf4 Qe5 41. gxh5 gxh5 42. Qxe5 Rxe5 43. Rf7+ Rxf7 44. Rxf7+ Kg6 45. Rxa7 Rxe4 1/2-1/2

[Event "Ruhrgebiet Verbandsklasse Gruppe 3 1516"]
[Site "Germany"]
[Date "2016.01.24"]
[Round "6.3"]
[White "Michalek, Christoph"]
[Black "Niekrens, Stefan"]
[Result "1/2-1/2"]
[WhiteElo "2043"]
[BlackElo "2030"]
[PlyCount "119"]
[EventDate "2015.09.06"]
[EventType "team-tourn"]
[EventRounds "9"]
[EventCountry "GER"]
[SourceTitle "EXT 2022"]
[Source "ChessBase"]
[SourceDate "2021.10.06"]
[SourceVersion "1"]
[SourceVersionDate "2021.10.06"]
[SourceQuality "1"]
[WhiteTeam "Eving SV Rochade"]
[BlackTeam "Bochum SV II"]
[WhiteTeamCountry "GER"]
[BlackTeamCountry "GER"]

1. c4 Nf6 2. g3 g6 3. Bg2 Bg7 4. Nc3 0-0 5. e4 d6 6. Nge2 c6 7. 0-0 Be6 8. d3 Qc8 9. Re1 Bh3 10. Bh1 Nh5 11. Be3 Nd7 12. Bg2 Bxg2 13. Kxg2 e5 14. d4 Nb6 15. b3 f5 16. f3 fxe4 17. Nxe4 Rxf3 18. Kxf3 Qf5+ 19. Bf4 exf4 20. g4 Qd7 21. N2c3 Nf6 22. Nxf6+ Bxf6 23. Qd3 d5 24. c5 Nc8 25. b4 Ne7 26. b5 g5 27. h3 cxb5 28. Qxb5 Nc6 29. Rad1 Bxd4 30. Qb3 Rd8 31. Kg2 f3+ 32. Kh1 f2 33. Rf1 Qf7 34. Ne2 Bxc5 35. Ng3 Nd4 36. Rxd4 Bxd4 37. Nf5 Bg7 38. Rxf2 Qe6 39. Qxb7 Qd7 40. Qb3 Kh8 41. Re2 d4 42. Re7 Qc6+ 43. Kg1 Qc1+ 44. Kg2 Rc8 45. Re2 Qc6+ 46. Kg1 Be5 47. Ne7 Qc1+ 48. Kg2 Rf8 49. Nf5 Qf4 50. Kg1 Rc8 51. Rc2 Rxc2 52. Qxc2 Bc7 53. Qe2 Qe5 54. Qxe5+ Bxe5 55. Kf2 Kg8 56. Kf3 Kf7 57. Ke4 Ke6 58. Nxd4+ Bxd4 59. Kxd4 Kd6 60. Ke4 1/2-1/2

[Event "Ruhrgebiet Verbandsklasse Gruppe 3 1516"]
[Site "Germany"]
[Date "2015.12.20"]
[Round "5.4"]
[White "Michalek, Christoph"]
[Black "Wimber, Hartmut"]
[Result "1-0"]
[WhiteElo "2043"]
[BlackElo "1823"]
[PlyCount "111"]
[EventDate "2015.09.06"]
[EventType "team-tourn"]
[EventRounds "9"]
[EventCountry "GER"]
[SourceTitle "EXT 2022"]
[Source "ChessBase"]
[SourceDate "2021.10.06"]
[SourceVersion "1"]
[SourceVersionDate "2021.10.06"]
[SourceQuality "1"]
[WhiteTeam "Eving SV Rochade"]
[BlackTeam "Recklinghausen Sued"]
[WhiteTeamCountry "GER"]
[BlackTeamCountry "GER"]

1. Nf3 Nf6 2. g3 c5 3. c4 g6 4. Bg2 Bg7 5. d4 cxd4 6. Nxd4 Nc6 7. Nc2 0-0 8. Nc3 d6 9. 0-0 Bd7 10. b3 Qc8 11. Re1 Bh3 12. Bh1 Ng4 13. Bb2 Qf5 14. f3 Qc5+ 15. e3 Nf6 16. Qd2 h5 17. Na4 Qg5 18. Rad1 Bh6 19. Qf2 Be6 20. e4 Qa5 21. Bxf6 exf6 22. Rxd6 Rfd8 23. Red1 Rxd6 24. Rxd6 Bf8 25. Rd1 b5 26. cxb5 Qxb5 27. Qf1 Qa5 28. Ne3 Rc8 29. Bg2 Nb4 30. Qf2 Kg7 31. Bf1 Rc7 32. Kg2 Be7 33. Qb2 h4 34. a3 Nc6 35. Nd5 Rb7 36. Qc2 Ne5 37. b4 Qd8 38. Nxe7 Qxe7 39. Nc5 Rb8 40. Qd2 h3+ 41. Kf2 Rb6 42. Qd8 Qxd8 43. Rxd8 a5 44. Nxe6+ fxe6 45. b5 g5 46. Be2 f5 47. exf5 exf5 48. a4 f4 49. Ra8 Rd6 50. gxf4 gxf4 51. Rxa5 Rd2 52. b6 Kf6 53. Ke1 Ra2 54. Rxe5 Kxe5 55. b7 Rb2 56. Bb5 1-0

[Event "Ruhrgebiet VK3 0910"]
[Site "Ruhrgebiet"]
[Date "2009.09.06"]
[Round "1.1"]
[White "Michalek, Christoph"]
[Black "Breidenbach, Olaf"]
[Result "1/2-1/2"]
[WhiteElo "2193"]
[BlackElo "1978"]
[PlyCount "36"]
[EventDate "2009.09.06"]
[EventType "team"]
[EventRounds "9"]
[EventCountry "GER"]
[SourceTitle "EXT 2011"]
[Source "ChessBase"]
[SourceDate "2010.11.26"]
[SourceVersion "1"]
[SourceVersionDate "2010.11.26"]
[SourceQuality "1"]
[WhiteTeam "Rochade Eving"]
[BlackTeam "Marten Boevinghausen"]
[WhiteTeamCountry "GER"]
[BlackTeamCountry "GER"]

1. Nf3 Nf6 2. g3 b6 3. Bg2 Bb7 4. 0-0 e6 5. d3 c5 6. e4 d6 7. Nbd2 Be7 8. Re1 0-0 9. Nf1 Nc6 10. h4 Qc7 11. N1h2 e5 12. g4 Nd4 13. g5 Ne8 14. h5 Qd8 15. Nxd4 cxd4 16. Qg4 Qc8 17. Qe2 Qd8 18. Qg4 Qc8 1/2-1/2

[Event "Ruhrgebiet VK2 0304"]
[Site "Ruhrgebiet"]
[Date "2003.12.07"]
[Round "4.1"]
[White "Van der Burch, Arie"]
[Black "Michalek, Christoph"]
[Result "1/2-1/2"]
[WhiteElo "2155"]
[BlackElo "2188"]
[PlyCount "74"]
[EventDate "2003.09.28"]
[EventType "team"]
[EventRounds "9"]
[EventCountry "GER"]
[SourceTitle "EXT 2007"]
[Source "ChessBase"]
[SourceDate "2006.11.23"]
[SourceVersion "1"]
[SourceVersionDate "2006.11.23"]
[SourceQuality "1"]
[WhiteTeam "Gerthe"]
[BlackTeam "Eving SV Rochade"]
[WhiteTeamCountry "GER"]
[BlackTeamCountry "GER"]

1. d4 c5 2. d5 Nf6 3. c4 b5 4. Nf3 g6 5. Qc2 bxc4 6. e4 d6 7. Bxc4 Bg7 8. Nc3 0-0 9. 0-0 Ba6 10. Qe2 Bxc4 11. Qxc4 Nbd7 12. h3 Rb8 13. Rb1 Qb6 14. Bg5 h6 15. Bf4 Ne8 16. Qd3 Nc7 17. Rfe1 g5 18. Bg3 f6 19. Nh2 Ne5 20. Bxe5 fxe5 21. Ng4 Nb5 22. Nxb5 Qxb5 23. Qc2 Qe8 24. Ne3 Bf6 25. Nf5 Kh7 26. g4 h5 27. Kg2 h4 28. Re3 Rb4 29. a3 Rb6 30. b4 cxb4 31. Rxb4 Rxb4 32. axb4 Qb8 33. Qa4 Rc8 34. Qd7 Rc7 35. Qe6 Qg8 36. Qxg8+ Kxg8 37. Ra3 Kf7 1/2-1/2

[Event "Ruhrgebiet VL2 9900"]
[Site "Ruhrgebiet"]
[Date "1999.11.21"]
[Round "3"]
[White "Michalek, Christoph"]
[Black "Kleinegger, Frank"]
[Result "1/2-1/2"]
[WhiteElo "2199"]
[BlackElo "2245"]
[PlyCount "58"]
[EventDate "1999.09.19"]
[EventType "team-tourn"]
[EventRounds "9"]
[EventCountry "GER"]
[SourceTitle "EXT 2001"]
[Source "ChessBase"]
[SourceDate "2000.11.22"]
[SourceVersion "1"]
[SourceVersionDate "2000.11.22"]
[SourceQuality "1"]

1. c4 e6 2. Nf3 b6 3. g3 Bb7 4. Bg2 f5 5. 0-0 Nf6 6. d3 Be7 7. Nc3 0-0 8. Rb1 a5 9. a3 Na6 10. e4 fxe4 11. Ng5 Qe8 12. Ngxe4 Nxe4 13. Nxe4 Qg6 14. Nf6+ Qxf6 15. Bxb7 Ra7 16. Bg2 Bc5 17. Be3 e5 18. Qd2 Qd6 19. Rbd1 Bd4 20. Bd5+ Kh8 21. Bxd4 exd4 22. Rfe1 c6 23. Bg2 Nc5 24. Re2 Raa8 25. Rde1 Qg6 26. Be4 Qf6 27. Bg2 Qg6 28. Be4 Qf6 29. Bg2 Qg6 1/2-1/2

[Event "Dortmund op-A"]
[Site "Dortmund"]
[Date "1999.07.16"]
[Round "8"]
[White "Schaefer, Markus"]
[Black "Michalek, Christoph"]
[Result "1/2-1/2"]
[WhiteElo "2402"]
[BlackElo "2199"]
[PlyCount "72"]
[EventDate "1999.07.??"]
[EventType "swiss"]
[EventRounds "10"]
[EventCountry "GER"]
[SourceTitle "EXT 2002"]
[Source "ChessBase"]
[SourceDate "2001.11.25"]
[SourceVersion "1"]
[SourceVersionDate "2001.11.25"]
[SourceQuality "1"]

1. e4 c5 2. Nf3 Nc6 3. d4 cxd4 4. Nxd4 e5 5. Nb5 a6 6. Nd6+ Bxd6 7. Qxd6 Qf6 8. Qxf6 Nxf6 9. Nc3 d5 10. exd5 Nb4 11. Bd3 0-0 12. Be3 Nfxd5 13. Nxd5 Nxd5 14. Bd2 Be6 15. 0-0 Rfe8 16. Rfe1 f6 17. a4 Rac8 18. Rad1 g6 19. c4 Ne7 20. b3 Bf5 21. Ba5 Kf7 22. Bb6 Ke6 23. f3 h5 24. Kf2 g5 25. Rd2 Bxd3 26. Rxd3 Rc6 27. a5 Rd6 28. Rxd6+ Kxd6 29. Rd1+ Ke6 30. b4 Rc8 31. Bc5 Nc6 32. Rd6+ Kf5 33. Rd5 Ke6 34. Ke3 Rd8 35. Rxd8 Nxd8 36. b5 Nf7 1/2-1/2

[Event "Dortmund op-A"]
[Site "Dortmund"]
[Date "1999.07.13"]
[Round "5"]
[White "Michalek, Christoph"]
[Black "Albrecht, Rainer"]
[Result "1/2-1/2"]
[WhiteElo "2199"]
[BlackElo "2229"]
[PlyCount "32"]
[EventDate "1999.07.??"]
[EventType "swiss"]
[EventRounds "10"]
[EventCountry "GER"]
[SourceTitle "EXT 2002"]
[Source "ChessBase"]
[SourceDate "2001.11.25"]
[SourceVersion "1"]
[SourceVersionDate "2001.11.25"]
[SourceQuality "1"]

1. Nf3 Nf6 2. g3 g6 3. b4 Bg7 4. Bb2 b6 5. Bg2 Bb7 6. 0-0 0-0 7. d3 d6 8. c4 Nbd7 9. Nbd2 c5 10. a3 Qc7 11. b5 a5 12. e4 Ne8 13. Bxg7 Nxg7 14. Ne1 e5 15. Nc2 f5 16. f3 Rae8 1/2-1/2